Zvolen Zámok - založený v 14. storočí, v roku 1490 až 1510 prestavený a opevnený

Zobrazenie: Pohľad na Zvolenský zámok v pozadí. Vpravo pred ním vidno husté stromy. Vpravo v popredí je rieka a vľavo v popredí je zarastná plocha. Medzi riekou a hradom je železničná trať

Bibliographic Details
Other Authors: Menec, Zdeněk, 1914-1998 (Photographer)
Format: Photo
Language:Slovak
PhysicalDescription:1 pohľadnica farebná 11 x 15 cm
Published: Praha Orbis [medzi 1921 a 1978?]
Subjects:

MARC

LEADER 00000nkm a2200000 a 4500
001 vtls011975446
003 SK-MaSNL
005 20260331212334.0
007 kf co
008 231120q1921 xr g kuslo
015 |a SNBG 
035 |a urn:nbn:sk:snk-km00eib2 
035 |a urn:nbn:sk:snk-km45x61 
035 |a 3564B711-8789-46C2-996B-722D154D4441 
040 |a SNK  |b slo  |c SNK  |e AACR2 
041 0 |a slo 
043 |a e-xo--- 
044 |a xr  |c CZ 
072 7 |a 913  |x Regionálna geografia  |2 konspekt 
080 |a 913(437.6)  |2 2011 
080 |a 728.82  |2 2011 
080 |a (084.121)  |2 2011 
080 |a 656.21  |2 2011 
080 |a 625.1  |2 2011 
080 |a 556.53  |2 2011 
080 |a 502.51  |2 2011 
100 1 |a Menec, Zdeněk,  |d 1914-1998  |4 pht  |9 56676 
245 1 0 |a Zvolen  |h grafika  |b Zámok - založený v 14. storočí, v roku 1490 až 1510 prestavený a opevnený  |c foto Z. Menec 
260 |a Praha  |b Orbis  |c [medzi 1921 a 1978?] 
300 |a 1 pohľadnica  |b farebná  |c 11 x 15 cm 
520 8 |a Zobrazenie: Pohľad na Zvolenský zámok v pozadí. Vpravo pred ním vidno husté stromy. Vpravo v popredí je rieka a vľavo v popredí je zarastná plocha. Medzi riekou a hradom je železničná trať 
610 2 7 |a Zvolenský zámok  |2 SNKKA  |9 231245 
650 0 7 |a zámky  |2 SNKPH  |9 3041 
650 0 7 |a železničné trate  |2 SNKPH  |9 4210 
650 0 7 |a rieky  |2 SNKPH  |9 29644 
651 7 |a Zvolen (Slovensko)  |2 SNKPHgeo  |9 14595 
655 7 |a miestne pohľadnice  |2 SNKPH  |9 70510 
852 |a Slovenská národná knižnica 
954 |a pohľadnice cudzojazyčné (svetové)  |2 lita 
958 |a OND 
958 |a GBN 
958 |a GC 
958 |a EUIPO 
999 |c 1209521  |d 1211451 
952 |a SNK  |b SNK  |y PREZ  |7 0  |p 17A1411205  |o snkSP 131080  |z Pohľadnica prešla poštou.  |0 0  |1 0  |4 0  |d 2020-06-19  |f 1  |l 0  |r 2026-02-24 23:08:56  |w 2026-02-24